Home Print Resources E-Books E-Journals IIMT Lecture Series Library Membership Form Book Recommendation Form Campus Tour Take AdmissionAbout Us Contact Us

THE ARBITRATION & CONCILIATION ACT 1996 (Record no. 51626)

000 -LEADER
fixed length control field nam a22 7a 4500
003 - CONTROL NUMBER IDENTIFIER
control field OSt
005 - DATE AND TIME OF LATEST TRANSACTION
control field 20220412133328.0
008 - FIXED-LENGTH DATA ELEMENTS--GENERAL INFORMATION
fixed length control field 220412b xxu||||| |||| 00| 0 eng d
040 ## - CATALOGING SOURCE
Transcribing agency SEROSOFT
100 ## - MAIN ENTRY--PERSONAL NAME
Personal name BARE ACT
245 ## - TITLE STATEMENT
Title THE ARBITRATION & CONCILIATION ACT 1996
260 ## - PUBLICATION, DISTRIBUTION, ETC.
Place of publication, distribution, etc. ALP
Name of publisher, distributor, etc. ALP
300 ## - PHYSICAL DESCRIPTION
Extent 58
942 ## - ADDED ENTRY ELEMENTS (KOHA)
Source of classification or shelving scheme
Koha item type Text-Book- for 7 days
Holdings
Withdrawn status Lost status Source of classification or shelving scheme Damaged status Not for loan Home library Current library Date acquired Source of acquisition Cost, normal purchase price Inventory number Total Checkouts Barcode Date last seen Price effective from Koha item type
          IIMT University College of Law IIMT University College of Law 04/12/2022 WESTERN LAW HOUSE 160.00 10,04/04/22   04-B-9688 04/12/2022 04/12/2022 Text-Book- for 7 days
          IIMT University College of Law IIMT University College of Law 04/12/2022 WESTERN LAW HOUSE 160.00 10,04/04/22   04-B-9689 04/12/2022 04/12/2022 Text-Book- for 7 days
          IIMT University College of Law IIMT University College of Law 04/12/2022 WESTERN LAW HOUSE 160.00 10,04/04/22   04-B-9690 04/12/2022 04/12/2022 Text-Book- for 7 days
          IIMT University College of Law IIMT University College of Law 04/12/2022 WESTERN LAW HOUSE 160.00 10,04/04/22   04-B-9691 04/12/2022 04/12/2022 Text-Book- for 7 days
          IIMT University College of Law IIMT University College of Law 04/12/2022 WESTERN LAW HOUSE 160.00 10,04/04/22   04-B-9692 04/12/2022 04/12/2022 Text-Book- for 7 days
IIMT, Central Library. All Rights Reserved IIMT,UNIVERSITY © 2023
Implemented and Customised by I CLOUDE EMS
You Are OPAC Visitor No
free web counter

Powered by Koha